000 00521nam a2200181Ia 4500
005 20250326124240.0
008 250326s9999 xx 000 0 und d
037 _aTextbook
040 _aFMSL
_beng
_cFMSL
041 _aeng
_2eng
084 _aX:513 K4;4
_qFMSL
100 _aKirkpatrick C A
_9240892
245 0 _aAdvertising: mass communication in marketing
_cKirkpatrick C A
260 _aNYq
_bNYq, Houghton Mifflin
_c1964
300 _a514p
942 _cTB
_hX:513 K4;4
999 _c1272934
_d1272934